| 000 | 00909nam a22003017a 4500 | ||
|---|---|---|---|
| 003 | CHAP | ||
| 005 | 20220329140640.0 | ||
| 008 | 971013s1961 r 00010 d | ||
| 010 | _a55344 | ||
| 011 | _a56316 | ||
| 035 | _a60469 | ||
| 040 | _cCHAP | ||
| 082 |
_a595.44 _bS38 |
||
| 100 | 0 | 0 |
_aSavory, Theodore H. _9102795 |
| 245 |
_aSpiders, men and scorpions _b: bein the history of arachnology |
||
| 260 |
_aLondon : _bUniversity of London, _c1961 |
||
| 300 |
_a191 p. _b: ilus. |
||
| 590 |
_aBATCH-UPD _b10 _c20130110 _lUCH01 _h0242 |
||
| 590 |
_aBATCH-UPD _b10 _c20130110 _lUCH01 _h1344 |
||
| 590 |
_aBATCH-UPD _b10 _c20130409 _lUCH01 _h2309 |
||
| 590 |
_aCONVERSION _b10 _c20130109 _lUCH01 _h1330 |
||
| 650 | 1 | 4 |
_aAranas. _96524 |
| 650 | 1 | 4 |
_aEscorpiones. _937567 |
| 650 | 1 | 4 |
_aZoologos. _9124193 |
| 901 | _aBK | ||
| 942 | _cLIBRO | ||
| 949 |
_a595.44 S38 _bBC _cLIBRO _d33724000371399 _eLIBRO _h26928 _i60469 _si |
||
| 999 |
_c55344 _d55344 |
||